| 000 | 00494nam a2200205Ia 4500 | ||
|---|---|---|---|
| 008 | 210210b2011 xxu||||| |||| 00| 0 eng d | ||
| 020 | _a9781847876089 | ||
| 041 | _aeng | ||
| 082 | _a305.4 BRAU | ||
| 100 | _aBRADY (Anita) | ||
| 245 | _aUnderstanding Judith Butler | ||
| 260 |
_aLos Angeles _bSage Publications _c2011 |
||
| 300 | _a152 | ||
| 650 | _aUnderstanding | ||
| 650 | _aJudith | ||
| 650 | _aButler | ||
| 690 | _aWomen Studies | ||
| 700 | _aSCHIRATO (Tony) | ||
| 906 | _a066174 | ||
| 999 |
_c146546 _d146546 |
||